Footballeur par pays n°2 - Statistiques

Statistiques générales
  • Ce quiz a été pris 216 fois
  • Le résultat moyen est 13 sur 18
Statistiques - réponses
joueur Pays % Correct
Roberto Baggio Italie
97%
Edinson Cavani Uruguay
95%
Ousmane Dembélé France
94%
Arjen Robben Pays-Bas
94%
Diego Maradona Argentine
91%
Arturo Vidal Chili
88%
Petr Čech République Tchèque
87%
Jan Vertonghen Belgique
82%
Keisuke Honda Japon
82%
Nemanja Vidić Serbie
76%
Lukas Podolski Allemagne
73%
Tim Cahill Australie
72%
Bartosz Bereszynski Pologne
57%
Dragan Stojković Serbie
47%
Balázs Dzsudzsák Hongrie
45%
Andreas Granqvist Suéde
41%
Artyom Dziouba Russie
39%
Alireza Jahanbakhsh Iran
29%
Aucun quiz correspondant
Distribution des résultats
% des personnes avec chaque résultat
Percentile par nombre de réponses
Votre historique - résultats
Vous n’avez pas pris ce quiz